Když se řekne mystery employee

Rozšírené a obľúbené mapovanie zákazníckych služieb na trhu - mystery shopping. Menej známy, ale často vyhľadávaný pohľad nového zamestnanca, ktorý do podniku prichádza - tzv. mystery employee. Čo je to mystery employee a kedy sa využíva. Mystery zamestnanec v praxi.

Salvato in:
Dettagli Bibliografici
Autore principale: Šimáková, Markéta
Natura: Capitolo di libro
Lingua:ceco
Soggetti:
Tags: Aggiungi Tag
Nessun Tag, puoi essere il primo ad aggiungerne!!

MARC

LEADER 00000naa a2200000 4500
001 0146129
005 20231129102651.4
041 0 |a cze 
044 |a CZ 
245 1 0 |a Když se řekne mystery employee  |c Markéta Šimáková 
520 |a Rozšírené a obľúbené mapovanie zákazníckych služieb na trhu - mystery shopping. Menej známy, ale často vyhľadávaný pohľad nového zamestnanca, ktorý do podniku prichádza - tzv. mystery employee. Čo je to mystery employee a kedy sa využíva. Mystery zamestnanec v praxi. 
610 2 0 |a riadenie podnikové 
610 2 0 |a manažment 
610 2 0 |a kontrola 
610 2 0 |a audit 
610 2 0 |a zamestnanci 
100 1 |a Šimáková, Markéta